[Event "LSS No Engine Cup 32 Preliminary 2"]
[Site "LSS email"]
[Date "2010.12.07"]
[Round "?"]
[White "Gofman, Albert"]
[Black "Ausan, Leo Tito Jr"]
[Result "1-0"]
[WhiteElo "1605"]
[BlackElo "1074"]
[PlyCount "79"]
[EventDate "2010.12.08"]
[EventType "tourn (corr)"]
[EventRounds "6"]
[EventCountry "GER"]
[SourceTitle "Telechess CBM 147"]
[Source "ChessBase"]
[SourceDate "2012.03.16"]
[SourceVersion "1"]
[SourceVersionDate "2012.03.16"]
[SourceQuality "1"]

1. d4 g6 2. Nf3 d6 3. e3 Nf6 4. c4 Bg4 5. Be2 Nbd7 6. b4 Bg7 7. Bb2 0-0 8. h3 Bxf3 9. Bxf3 c6 10. 0-0 Qc7 11. Qb3 e5 12. Nc3 Rfe8 13. Rfe1 e4 14. Be2 Nf8 15. Rad1 Rad8 16. d5 N8d7 17. dxc6 bxc6 18. Ba3 Ne5 19. Rd2 Rd7 20. Red1 Red8 21. Rd4 Qb7 22. Nxe4 Nxe4 23. Rxe4 d5 24. cxd5 cxd5 25. Rf4 Qb6 26. Bb2 Qe6 27. b5 g5 28. Ra4 h5 29. Ra6 Qf5 30. Bxh5 g4 31. Bxe5 Qxe5 32. Bxg4 f5 33. f4 Qe4 34. Bf3 Qc4 35. Bxd5+ Qxd5 36. Rxd5 Rxd5 37. Rxa7 Kh8 38. b6 Rd1+ 39. Kh2 R1d2 40. Qf7 1-0

[Event "LSS No Engine Cup 32 Preliminary 2"]
[Site "LSS email"]
[Date "2010.12.07"]
[Round "?"]
[White "Jaszczowski, Zdzislaw"]
[Black "Gofman, Albert"]
[Result "0-1"]
[WhiteElo "851"]
[BlackElo "1605"]
[PlyCount "70"]
[EventDate "2010.12.08"]
[EventType "tourn (corr)"]
[EventRounds "6"]
[EventCountry "GER"]
[SourceTitle "Telechess CBM 147"]
[Source "ChessBase"]
[SourceDate "2012.03.16"]
[SourceVersion "1"]
[SourceVersionDate "2012.03.16"]
[SourceQuality "1"]

1. e4 c5 2. Nf3 a6 3. d4 cxd4 4. Nxd4 e5 5. Nf3 Nf6 6. Nxe5 Qa5+ 7. Nc3 Qxe5 8. Bd3 Bb4 9. Bd2 0-0 10. 0-0 d6 11. f4 Qe6 12. f5 Qe5 13. Rf3 Ng4 14. Bf4 Qc5+ 15. Kf1 Bxc3 16. bxc3 Re8 17. h3 Nf6 18. c4 Nxe4 19. Be3 Qe5 20. Bf4 Qf6 21. Bh2 Nd2+ 22. Qxd2 Qxa1+ 23. Kf2 Bd7 24. Bxd6 Qd4+ 25. Kf1 Qxd6 26. f6 g6 27. Qh6 Qf8 28. Qd2 Bc6 29. Rg3 Nd7 30. Qf4 Re6 31. Kg1 Nxf6 32. Re3 Qc5 33. Kf2 Rae8 34. Kf1 Qxe3 35. Qc7 Qe1# 0-1

[Event "LSS RD-2010-0-00041"]
[Site "LSS email"]
[Date "2010.11.29"]
[Round "?"]
[White "Gofman, Albert"]
[Black "Sadler, Kirk"]
[Result "1-0"]
[WhiteElo "1604"]
[BlackElo "1445"]
[PlyCount "67"]
[EventDate "2010.10.02"]
[EventType "tourn (corr)"]
[EventRounds "6"]
[EventCountry "GER"]
[SourceTitle "Telechess CBM 145"]
[Source "Chessbase"]
[SourceDate "2011.11.11"]
[SourceVersion "1"]
[SourceVersionDate "2011.11.11"]
[SourceQuality "1"]

1. d4 e6 2. Nf3 d5 3. Nbd2 c5 4. e3 Nf6 5. c3 Nc6 6. Bd3 Bd6 7. Qe2 c4 8. Bc2 0-0 9. 0-0 e5 10. dxe5 Nxe5 11. Nxe5 Bxe5 12. h3 Re8 13. Nf3 Bc7 14. b3 b5 15. Rd1 Ne4 16. Bxe4 Rxe4 17. Ba3 Bb7 18. Nd4 a6 19. bxc4 bxc4 20. Rab1 Rb8 21. Qf3 Qd7 22. Bc5 Ba8 23. Rxb8+ Bxb8 24. Nf5 Bc6 25. Rb1 Bc7 26. Bb6 Bb5 27. Bxc7 Qxc7 28. Nd4 Bd7 29. Qe2 Re8 30. Qb2 Qe5 31. Qb7 Bf5 32. Nc6 Qe4 33. Rd1 Bc8 34. Qb6 1-0

[Event "LSS RD-2010-0-00041"]
[Site "LSS email"]
[Date "2010.11.28"]
[Round "?"]
[White "Jara, Julio Cesar"]
[Black "Gofman, Albert"]
[Result "1/2-1/2"]
[WhiteElo "1580"]
[BlackElo "1581"]
[PlyCount "39"]
[EventDate "2010.10.02"]
[EventType "tourn (corr)"]
[EventRounds "6"]
[EventCountry "GER"]
[SourceTitle "Telechess CBM 143"]
[Source "ChessBase"]
[SourceDate "2011.07.15"]
[SourceVersion "1"]
[SourceVersionDate "2011.07.15"]
[SourceQuality "1"]

1. d4 Nf6 2. c4 g6 3. g3 Bg7 4. Bg2 d6 5. Nf3 0-0 6. Nc3 Nc6 7. 0-0 a6 8. d5 Na5 9. Nd2 c5 10. Qc2 Rb8 11. a4 e6 12. b3 exd5 13. cxd5 Re8 14. Bb2 h5 15. Rfe1 h4 16. gxh4 Re5 17. e4 Rh5 18. Ne2 Rxh4 19. Ng3 Bd7 20. e5 1/2-1/2

[Event "LSS RD-2010-0-00041"]
[Site "LSS email"]
[Date "2010.11.28"]
[Round "?"]
[White "Matugin, Sergei"]
[Black "Gofman, Albert"]
[Result "1/2-1/2"]
[WhiteElo "1665"]
[BlackElo "1583"]
[PlyCount "80"]
[EventDate "2010.10.02"]
[EventType "tourn (corr)"]
[EventRounds "6"]
[EventCountry "GER"]
[SourceTitle "Telechess CBM 143"]
[Source "ChessBase"]
[SourceDate "2011.07.15"]
[SourceVersion "1"]
[SourceVersionDate "2011.07.15"]
[SourceQuality "1"]

1. e4 d6 2. d4 Nf6 3. Nc3 e5 4. Nf3 Nbd7 5. Bc4 Be7 6. 0-0 0-0 7. Re1 c6 8. a4 a5 9. h3 Nb6 10. Bf1 exd4 11. Nxd4 d5 12. e5 Ne8 13. Nce2 g6 14. Nf3 Nc7 15. Ned4 Bd7 16. b3 c5 17. Nb5 Nxb5 18. Bxb5 Bxb5 19. axb5 Re8 20. Bd2 a4 21. bxa4 Nxa4 22. Nh2 Nb6 23. Ba5 Bf8 24. Ng4 Bg7 25. f4 h5 26. Nf2 Ra7 27. Qf3 Qa8 28. Bc3 Na4 29. Bd2 Nb6 30. Rxa7 Qxa7 31. Bc3 Qa2 32. f5 gxf5 33. Qxf5 d4 34. Bd2 Qd5 35. Bf4 Nc4 36. Qxh5 Ne3 37. Bxe3 Rxe5 38. Qd1 dxe3 39. Rxe3 c4 40. b6 Qxd1+ 1/2-1/2

[Event "LSS No Engine Cup 05 Final"]
[Site "LSS email"]
[Date "2010.05.03"]
[Round "?"]
[White "Gofman, Albert"]
[Black "Petersen, Hans"]
[Result "1-0"]
[WhiteElo "1596"]
[BlackElo "1682"]
[PlyCount "63"]
[EventDate "2010.05.04"]
[EventType "tourn (corr)"]
[EventRounds "6"]
[EventCountry "GER"]
[SourceTitle "Telechess CBM 147"]
[Source "ChessBase"]
[SourceDate "2012.03.16"]
[SourceVersion "1"]
[SourceVersionDate "2012.03.16"]
[SourceQuality "1"]

1. d4 d5 2. Nf3 Nf6 3. e3 c6 4. c4 Bf5 5. Nc3 e6 6. Nh4 Be4 7. f3 Bg6 8. Qb3 Qc7 9. Bd2 Nbd7 10. cxd5 Nxd5 11. e4 Nxc3 12. bxc3 Bh5 13. g3 Be7 14. Be2 Bxh4 15. gxh4 0-0 16. 0-0 c5 17. Rf2 b6 18. a4 Qd6 19. Be3 cxd4 20. cxd4 e5 21. Rd1 exd4 22. Bxd4 Nc5 23. Qc3 f6 24. e5 Qe7 25. exf6 gxf6 26. Bc4+ Kh8 27. Re2 Qd8 28. Rg2 Rc8 29. Qe3 Ne4 30. Bb3 Nd6 31. Bb2 Qe8 32. Qd4 1-0

[Event "LSS OP-2009-0-00998"]
[Site "LSS email"]
[Date "2009.11.19"]
[Round "?"]
[White "Onem, Cem"]
[Black "Gofman, Albert"]
[Result "0-1"]
[WhiteElo "1674"]
[BlackElo "1535"]
[PlyCount "140"]
[EventDate "2009.11.13"]
[EventType "tourn (corr)"]
[EventRounds "4"]
[EventCountry "GER"]
[SourceTitle "Telechess CBM 141"]
[Source "ChessBase"]
[SourceDate "2011.03.17"]
[SourceVersion "1"]
[SourceVersionDate "2011.03.17"]
[SourceQuality "1"]

1. e4 c5 2. Nf3 Nc6 3. Bb5 g6 4. Bxc6 bxc6 5. 0-0 Bg7 6. d3 d6 7. h3 e5 8. Nc3 Rb8 9. b3 Nf6 10. Bb2 0-0 11. Kh2 Nh5 12. Ng1 d5 13. Na4 Nf4 14. Nxc5 Qe7 15. Na4 dxe4 16. dxe4 Ba6 17. c4 Rfd8 18. Qc2 Qg5 19. g3 Ne6 20. Rad1 Qe7 21. Qc1 Nd4 22. Ba3 Qc7 23. Qc3 Bc8 24. Nc5 Bf6 25. Nd3 h5 26. Bb4 Rd7 27. Ba5 Qd6 28. b4 Qe7 29. Nc5 Rd6 30. Nf3 h4 31. g4 Be6 32. Nxd4 Rxd4 33. Rxd4 exd4 34. Qc2 g5 35. Nd3 Bd7 36. Re1 Be5+ 37. Kg1 f6 38. a4 Rc8 39. Qd2 Be6 40. Rc1 Bb8 41. b5 Bf7 42. f3 c5 43. Qe2 Kg7 44. Be1 Bd6 45. a5 Rb8 46. Kh1 Bc7 47. a6 Rd8 48. Qd2 Be6 49. Bf2 Rc8 50. Bg1 Qf7 51. Qa2 Qe7 52. Bh2 Bxh2 53. Qxh2 Bf7 54. Kg1 Re8 55. Qg2 Bg6 56. Re1 Qf7 57. Qc2 Qc7 58. Qd2 Re6 59. Qg2 Re8 60. Re2 Bf7 61. Rc2 Bg6 62. Qh2 Qb6 63. Re2 Re7 64. Re1 Bf7 65. Rc1 Re8 66. Qg2 Bg6 67. Qd2 Qc7 68. Rc2 Bxe4 69. fxe4 Qg3+ 70. Qg2 Qxd3 0-1

[Event "LSS No Engine Cup Gr05 prel 03 email"]
[Site "LSS email"]
[Date "2009.08.26"]
[Round "?"]
[White "Van Renesse, Marnix"]
[Black "Gofman, Albert"]
[Result "0-1"]
[WhiteElo "1070"]
[BlackElo "1436"]
[PlyCount "56"]
[EventDate "2009.08.27"]
[EventType "tourn (corr)"]
[EventRounds "6"]
[EventCountry "GER"]
[SourceTitle "Telechess CBM 137"]
[Source "ChessBase"]
[SourceDate "2010.07.15"]
[SourceVersion "1"]
[SourceVersionDate "2010.07.15"]
[SourceQuality "1"]

1. e4 c5 2. Nf3 Nc6 3. d4 cxd4 4. Nxd4 Nf6 5. Nxc6 bxc6 6. Nc3 e5 7. Qf3 Bb4 8. Be2 0-0 9. Bg5 d5 10. exd5 cxd5 11. 0-0 Bxc3 12. bxc3 h6 13. Bxf6 Qxf6 14. Qxd5 Bf5 15. Qa5 Bxc2 16. Rac1 Be4 17. Rfe1 Bc6 18. Bc4 Qg5 19. Bd5 Bxd5 20. Qxd5 Rfe8 21. Qa5 Re6 22. c4 Qe7 23. Qb5 Rc8 24. Rcd1 a6 25. Qd5 e4 26. Re3 Re5 27. Qd4 f6 28. h3 Kh7 0-1

[Event "LSS RN-2009-0-00224"]
[Site "LSS email"]
[Date "2009.08.08"]
[Round "?"]
[White "Allwardt, David Lawrence"]
[Black "Gofman, Albert"]
[Result "0-1"]
[WhiteElo "833"]
[BlackElo "1218"]
[PlyCount "42"]
[EventDate "2009.07.12"]
[EventType "tourn (corr)"]
[EventRounds "6"]
[EventCountry "GER"]
[SourceTitle "Corr 2011"]
[Source "ChessBase"]
[SourceDate "2010.08.31"]
[SourceVersion "1"]
[SourceVersionDate "2010.08.31"]
[SourceQuality "1"]

1. g3 d5 2. Bg2 Nf6 3. Nf3 c6 4. 0-0 Bg4 5. h3 Bxf3 6. Bxf3 Nbd7 7. d4 e5 8. Be3 exd4 9. Bxd4 Bc5 10. Bxc5 Nxc5 11. Qd4 Ne6 12. Qb4 Qc7 13. Nd2 h5 14. e4 0-0-0 15. exd5 Nxd5 16. Bxd5 Rxd5 17. Nf3 h4 18. Nxh4 g5 19. c4 Rd3 20. Nf5 Nd4 21. Nxd4 Rxg3+ 0-1

[Event "LSS OP-2009-0-00829"]
[Site "LSS email"]
[Date "2009.05.02"]
[Round "?"]
[White "Wallerstorfer, Josef"]
[Black "Gofman, Albert"]
[Result "0-1"]
[WhiteElo "878"]
[BlackElo "1218"]
[PlyCount "66"]
[EventDate "2009.04.27"]
[EventType "tourn (corr)"]
[EventRounds "4"]
[EventCountry "GER"]
[SourceTitle "Corr 2011"]
[Source "ChessBase"]
[SourceDate "2010.08.31"]
[SourceVersion "1"]
[SourceVersionDate "2010.08.31"]
[SourceQuality "1"]

1. e4 c5 2. Nf3 Nc6 3. d4 cxd4 4. Nxd4 Nf6 5. Nxc6 bxc6 6. Bd3 e5 7. 0-0 Bc5 8. Bg5 h6 9. Bh4 0-0 10. Kh1 d5 11. exd5 cxd5 12. f3 Rb8 13. Qc1 Bd7 14. Nc3 Bc6 15. Rb1 Qd6 16. Re1 Nh5 17. a3 a5 18. Qd2 f5 19. Ne2 g5 20. Bxg5 hxg5 21. Qxg5+ Ng7 22. Ng3 e4 23. fxe4 fxe4 24. Be2 Qf4 25. Qg6 Rf6 26. Nh5 Qxh2+ 27. Kxh2 Rxg6 28. g4 Bd6+ 29. Kg2 Nxh5 30. Kh3 Nf4+ 31. Kh4 Ng2+ 32. Kh5 Kg7 33. Rg1 Rh8# 0-1